banner koha

Grilagem de terra e latifúndio agora são coisas do passado (Registro n. 8988)

MARC details
000 -LÍDER
Campo de controle fixo 00746nam a22002657a 4500
001 - NÚMERO DE CONTROLE
Número de controle BR2023000317
003 - CÓDIGO MARC DA AGÊNCIA CATALOGADORA
Campo de controle BR-BrBNA
005 - DATA E HORA DA ÚLTIMA ATUALIZAÇÃO
Campo de controle 20230427091401.0
008 - CAMPO DE TAMANHO FIXO
Campo fixo de controle 230427b bl.||||| |||| 00| 0 por d
040 ## - FONTE DA CATALOGAÇÃO
Agência catalogadora BR-BrBNA
Idioma da catalogação por
041 ## - CÓDIGO DO IDIOMA
Código do Idioma por
072 ## - CATEGORIA AGRIS
Código da categoria de assunto D50 ; E11
090 ## - NÚMERO DE CHAMADA
Número de Chamada D50 BR2023000317
110 ## - ENTRADA PRINCIPAL - ENTIDADE
Nome da entidade ou lugar Ministério do Desenvolvimento Agrário, Brasília, DF (Brazil)
245 ## - TÍTULO PRINCIPAL
Título principal Grilagem de terra e latifúndio agora são coisas do passado
260 ## - IMPRENTA (PUBLICAÇÃO, DISTRIBUIÇÃO, ETC.)
Lugar de publicação, distribuição, etc. Brasília, DF (Brazil)
Data de publicação, distribuição, etc [nd]
300 ## - DESCRIÇÃO FÍSICA
Extensão 12 p.
500 ## - NOTA GERAL
Notas gerais Published 2004?; 3 illus.
650 ## - ASSUNTO - THESAGRO
Cabeçalho tópico ou nome geográfico LEGISLAÇÃO AGRÁRIA
650 ## - ASSUNTO - THESAGRO
Cabeçalho tópico ou nome geográfico ESTRUTURA AGRÁRIA
650 ## - ASSUNTO - THESAGRO
Cabeçalho tópico ou nome geográfico REFORMA AGRÁRIA
650 ## - ASSUNTO - THESAGRO
Cabeçalho tópico ou nome geográfico CADASTRO RURAL
909 ## - IDENTIFICAÇÃO DO CATALOGADOR
Ano e mês da catalogação (aaaamm) 202304
Identificação do catalogador Fernando Magalhães
-- 63
-- Fernando Magalhães
942 ## - TIPO ESPECÍFICO
Tipo de material Livros
952 ## - LOCATION AND ITEM INFORMATION (KOHA)
-- 2023-04-27
Exemplares
Status de empréstimo Fonte de classificação Status de danificação Não pode ser emprestado Código da coleção Localização permanente Localização atual Localização na estante Total Checkouts Número de chamada Código de barras Tipo de material
  Classificação AGRIS     Agrobase Biblioteca Nacional de Agricultura - Binagri Biblioteca Nacional de Agricultura - Binagri Agrobase - Acervo Geral   D50 BR2023000317 2023-435540 Livros

BINAGRI

Telefone: (61)3218-2567/2388/3357/2097 - binagri@agro.gov.br

Ministério da Agricultura e Pecuária , Esplanada dos Ministérios, Bloco D, Anexo B, Brasília/DF, CEP: 70.043-900